LDR 01095naa#a2200193#i#450# 001 RU\FGKOU VO SPBU MVD ROSSII\bibl\110178 005 20260429043021.3 011 ## _a2713-0622 100 ## _a20260428b2026####ek#y0rusy0150####ca 102 ## _aRU 200 1# _aСоциально-психологические особенности склонности к рисковому поведению подростков с ограниченными возможностями здоровья _eЖурнальная статья 210 1# _aСанкт-Петербург _cСАНКТ-ПЕТЕРБУРГСКИЙ УНИВЕРСИТЕТ МИНИСТЕРСТВА ВНУТРЕННИХ ДЕЛ РОССИЙСКОЙ ФЕДЕРАЦИИ _d2026 215 ## _a14 с. 608 ## _aЖурнальная статья _2local 675 ## _aАбнормальные дети. 159.922.76 _z 700 #1 _aМаксимова _gЛюдмила Александровна 700 #1 _aСмирнов _gАлександр Васильевич 700 #1 _aВалиев _gРавиль Азатович 856 4# _arussianjournaldeviantbehavior.ru _u